00559nam a22001577a 450000500170000002000230001703500120004003700130005210000290006524500890009426000330018330000190021694200270023599900170026295201220027920120424125019.0 a8178241196c295.00 aB-88304 aDPLbENG aRobinson, Francis945670 aThe Ulama of farangi mahall and islamic culture in South Asia /cby Francis Robinson aDelhibPermanent Blackc2005 a267p.c20 cms. 2ddccENh506.0954mROB c65558d65558 001040708NFICaZLSbZLSd2012-04-24g295.00l0o506.0954 ROBpB-88304r2012-04-24 00:00:00v295.00w2012-04-24yEN